| 000 | 00436nam a2200181Ia 4500 | ||
|---|---|---|---|
| 008 | 170918s9999 xx 000 0 und d | ||
| 020 | _a9780312367541 | ||
| 050 | _bL566wr 1962 | ||
| 100 | _aL'Engle, Madeleine | ||
| 245 | 2 | _aA wrinkle in time / | |
| 245 | _cby Madeleine L'Engle. | ||
| 260 | _aNew York : | ||
| 260 | _bSquare Fish, | ||
| 260 | _c1962 | ||
| 300 | _a245 pages : | ||
| 300 | _billustrations ; | ||
| 300 | _c19cm. | ||
| 999 |
_c343899 _d343899 |
||